000 nam a22 7a 4500
999 _c10245
_d10245
008 180213b ||||| |||| 00| 0 eng d
100 _aFarndon,J.
_96230
245 _a100 Facts Volcanoes
260 _aChina
_bMiles Kelly
_c2009